Needs for Services Revealed by Operation Medicare Alert. Report.

Project sponsored by Office of Economic Opportunity.

Bibliographic Details
Corporate Authors: United States. Congress. Senate. Special Committee on Aging. Subcommittee on Federal, State, and Community Services, ProQuest (Firm)
Format: Government Document eBook
Language:English
Published: [Place of publication not identified] : [publisher not identified], 1966.
Series:U.S. Congressional Research.
Subjects:
Online Access:Connect to the full text of this electronic book

MARC

Tag First Indicator Second Indicator Subfields
LEADER 00000cam a22000001a 4500
001 in00003305513
006 m d f
007 cr bn mmmapmmp
008 100520s1966 dcu o f000 0 eng d
005 20260430211917.4
035 |a cis2007839995 
040 |a LexisNexis  |c LexisNexis  |d UtOrBLW 
043 |a n-us--- 
086 0 |a Y 4.Ag 4:Se 6/5 
099 |a CMP-1966-AGS-0004 
110 1 |a United States.  |b Congress.  |b Senate.  |b Special Committee on Aging.  |b Subcommittee on Federal, State, and Community Services. 
245 1 0 |a Needs for Services Revealed by Operation Medicare Alert. Report. 
264 1 |a [Place of publication not identified] :  |b [publisher not identified],  |c 1966. 
300 |a 1 online resource. 
336 |a text  |b txt  |2 rdacontent 
337 |a computer  |b c  |2 rdamedia 
338 |a online resource  |b cr  |2 rdacarrier 
500 |a Record is based on bibliographic data in LexisNexis U.S. Congressional Research Digital Collection (last viewed May 2010). Reuse except for individual research requires license from LexisNexis. 
500 |a Print. 
520 |a Project sponsored by Office of Economic Opportunity. 
500 |a Electronic resource. 
610 1 0 |a United States.  |b Office of Economic Opportunity. 
650 0 |a Aging. 
650 0 |a Medicare. 
655 7 |a Electronic books.  |2 local 
710 2 |a ProQuest (Firm) 
776 0 8 |i Microfiche version:   |a United States. Congress. Senate. Special Committee on Aging. Subcommittee on Federal, State, and Community Services.  |t Needs for Services Revealed by Operation Medicare Alert. Report.  |o S5231 
830 0 |a U.S. Congressional Research. 
856 4 0 |u http://proxy.library.tamu.edu/login?url=https://congressional.proquest.com/congcomp/getdoc?CRDC-ID=CMP-1966-AGS-0004  |z Connect to the full text of this electronic book  |t 0 
999 |a MARS 
999 f f |s 40ebffd9-932e-348f-8937-b78d15068fcf  |i bde5948b-8df3-36a1-b06b-71240f1cbd65  |t 0 
952 f f |a Texas A&M University  |b College Station  |c Electronic Resources  |s www_evans  |d Available Online  |t 0  |e CMP-1966-AGS-0004  |h Other scheme 
998 f f |a CMP-1966-AGS-0004  |t 0  |l Available Online